000 01217nam a22003374i 4500
001 768714001
003 CO-MdFUSB
005 20240227154634.0
007 ta
008 180417t1973 enk||||| |||| 00| 0 eng d
020 _a081107370
040 _aCO-MdFUSB
_bspa
_cCO-MdFUSB
_dCO-MdFUSBC
_erda
041 0 _aeng
082 0 4 _a227.84
_223
_bST888
100 1 _aStott, John R. W.
_eautor
245 1 4 _aThe message of 2 Timothy
_b: guard the gospel
_c/ autor y editor John R.W. Stott
264 1 _aDowners Grove, ILL., USA :
_b InterVarsity,
_c[1973]
264 4 _c©1973
300 _a127 páginas
_c; 21 cm
336 _2rdacontent
_atexto
_btxt
337 _2rdamedia
_asin mediación
_bn
338 _2rdacarrier
_avolumen
_bnc
490 _aThe Bible Speaks Today
505 _aPrefacio -- Abreviaturas principales -- Introducción -- En encargo de guardar el evangelio -- El encargo de sufrir por el evangelio -- El encargo de seguir en el evangelio -- El encargo de predicar el evangelio
563 _aTapa rústica
630 7 _aBiblia.
_pTimoteo, 2ª
_xCrítica, interpretación, etc.
700 _aStott, John R. W.,
_91432
_eeditor
942 _cBK
945 _aJTF-925
999 _c33665
_d33665